Statistiques concernant Paroles "Soyez prêtes" - Le roi lion (Disney)

Cliquez ici pour prendre le quiz!

Statistiques générales

  • Ce quiz a été pris 868 fois
    (835 depuis la dernière actualisation)
  • Le résultat moyen est 151 sur 207

Statistiques - réponses

PersonnageRéponse% Correct
à
96%
Soyez
96%
soyez
96%
prêtes
95%
la
94%
vous
94%
de
93%
le
93%
roi
93%
je
91%
ShenziEt
89%
et
89%
pour
89%
ma
88%
nous
88%
plus
87%
que
86%
vie
86%
votre
85%
me
84%
grand
81%
faites
80%
en
79%
jour
79%
sans
79%
ce
78%
mais
78%
qu'on
78%
vos
78%
qui
77%
faire
76%
êtes
75%
taire
75%
beau
74%
car
74%
fête
74%
ScarM'écouter
74%
doit
73%
HyènesNotre
73%
notre
73%
chance
72%
par
72%
rébellion
72%
va
72%
font
71%
lions
71%
qu'est-ce
71%
attention
70%
invite
70%
moi
70%
cochon
69%
comme
69%
dans
69%
derrière
69%
lanternes
69%
quand
69%
toutes
69%
venir
69%
vois
69%
yeux
69%
bêtes
68%
nuit
68%
sont
68%
enfin
67%
faut
67%
j'éclaire
67%
qu'un
67%
rebelles
67%
réflexion
67%
sortons
67%
un
67%
bas
66%
confiance
66%
expression
66%
qu'il
66%
viendra
66%
faim
65%
finis
65%
gloire
65%
nos
64%
parlons
64%
récompense
64%
succession
64%
tête
64%
couronnera
63%
ennuis
63%
impliquées
63%
l'aurez
63%
les
62%
ScarD'accord
61%
pouvoirs
60%
des
59%
scandale
59%
l'affaire
58%
volent
58%
mourrez
57%
mes
56%
dis
54%
Faites-moi
53%
génial
53%
nouveau
52%
adoré
51%
suis
51%
salué
50%
ordres
49%
respecté
49%
ScarBien
48%
coup
48%
conspiration
47%
espérer
47%
j'ose
47%
plein
47%
humiliation
46%
seul
46%
sûr
46%
chasseurs
45%
exécuterez
45%
feront
45%
futur
45%
l'assure
45%
mots
45%
trois
44%
captures
43%
revanche
43%
sujets
43%
compromission
42%
contre
42%
crie
42%
incontesté
42%
acclame
41%
dieu
40%
j'assure
40%
vivant
40%
puisque
38%
HyènesQuelle
37%
d'être
36%
joie
36%
bientôt
35%

Distribution des résultats

Percentile par nombre de réponses

% des personnes avec chaque résultat

Votre développement - résultats

Vous n’avez pas pris ce quiz depuis la dernière actualisation